000 01249nam a2200313 i 4500
001 94126
003 ES-MaACL
005 20250624062914.0
007 t|
008 050531s1965 sp ||||1| spa d
080 _a730 Pellsjö, Owe (083.82)
100 1 _aPellsjö, Owe.
_990111
245 1 0 _aPellsjö
_b: [exposición, Sala de Santa Catalina del Ateneo de Madrid y Festivales de España 1965], /
_c[Textos: Carlos-Antonio Areán, Vicente Aguilera Cerni].
260 _a[Madrid] :
_bPublicaciones Españolas,
_c[1965]
300 _a[20] p. :
_bil. ;
_c28 cm.
490 1 _aCuadernos de arte. Colección ordinaria ;
_v195
600 1 4 _aPellsjö, Owe-
_vExposiciones.
_990112
610 2 7 _aAteneo de Madrid-
_vExposiciones-
_y1960-1969.
_91920
655 7 _2tgfbne
_9193628
_aCatálogos de exposiciones
700 1 _aAreán, Carlos,
_d1921-1996
_922562
700 1 _aAguilera Cerni, Vicente.
_918775
710 2 _aAteneo de Madrid.
_bSala de Santa Catalina.
_91964
710 2 _aFestivales de España.
_94125
830 0 _aCuadernos de arte. Colección ordinaria
_v195
_9180064
852 _aES-MaACL
_j2195-F-27
_997632
_bR.136189
_cDEPOF
852 _aES-MaACL
_jG-13303(7).
942 _2udc
_cFOLLETOS
999 _c94126
_d94126